Correct the band names - Statistics

General Stats
  • This quiz has been taken 27 times
  • The average score is 9 of 15
Answer Stats
Incorrect name Correct name % Correct
Slicknut Slipknot
92%
PoЯn Korn
88%
Fecallica Metallica
88%
Cuntera Pantera
77%
Deafthrones Darkthrone/Deftones
73%
Distorted Disturbed
69%
Gigameth Megadeth
69%
Ballet For My Vaseline Bullet For My Valentine
62%
Ass Eye Lay Die Ink As I Lay Dying
58%
Blank Salad Black Sabbath
54%
Split Dickslit Limp Bizkit
54%
Drying Feet Us Dying Fetus
50%
Layers Slayer
50%
Must’O’Don’t Mastodont
4%
Stankysuckahogg Sanguisugabogg
4%
No matching quizzes found
Score Distribution
Percent of People with Each Score
Percentile by Number Answered
Your Score History
You have not taken this quiz